<?xml version="1.0" encoding="UTF-8"?><?xml-stylesheet type="text/xsl" href="static/style.xsl"?><OAI-PMH xmlns="http://www.openarchives.org/OAI/2.0/" xmlns:xsi="http://www.w3.org/2001/XMLSchema-instance" xsi:schemaLocation="http://www.openarchives.org/OAI/2.0/ http://www.openarchives.org/OAI/2.0/OAI-PMH.xsd"><responseDate>2026-04-29T09:32:02Z</responseDate><request verb="GetRecord" identifier="oai:riubu.ubu.es:10259/11254" metadataPrefix="marc">https://riubu.ubu.es/oai/request</request><GetRecord><record><header><identifier>oai:riubu.ubu.es:10259/11254</identifier><datestamp>2026-02-17T10:55:33Z</datestamp><setSpec>com_10259_9737</setSpec><setSpec>com_10259_5086</setSpec><setSpec>com_10259_2604</setSpec><setSpec>col_10259_10448</setSpec></header><metadata><record xmlns="http://www.loc.gov/MARC21/slim" xmlns:doc="http://www.lyncode.com/xoai" xmlns:xsi="http://www.w3.org/2001/XMLSchema-instance" xmlns:dcterms="http://purl.org/dc/terms/" xsi:schemaLocation="http://www.loc.gov/MARC21/slim http://www.loc.gov/standards/marcxml/schema/MARC21slim.xsd">
<leader>00925njm 22002777a 4500</leader>
<datafield tag="042" ind1=" " ind2=" ">
<subfield code="a">dc</subfield>
</datafield>
<datafield tag="720" ind1=" " ind2=" ">
<subfield code="a">Samadi, Khaoula</subfield>
<subfield code="e">author</subfield>
</datafield>
<datafield tag="720" ind1=" " ind2=" ">
<subfield code="a">Lifi, Mohamed</subfield>
<subfield code="e">author</subfield>
</datafield>
<datafield tag="720" ind1=" " ind2=" ">
<subfield code="a">Yatim, Fatima Ezzahra</subfield>
<subfield code="e">author</subfield>
</datafield>
<datafield tag="720" ind1=" " ind2=" ">
<subfield code="a">Lifi, Houda</subfield>
<subfield code="e">author</subfield>
</datafield>
<datafield tag="720" ind1=" " ind2=" ">
<subfield code="a">Aguilar Romero, Fernando</subfield>
<subfield code="e">author</subfield>
</datafield>
<datafield tag="720" ind1=" " ind2=" ">
<subfield code="a">Alaoui, Fatima E. M.</subfield>
<subfield code="e">author</subfield>
</datafield>
<datafield tag="260" ind1=" " ind2=" ">
<subfield code="c">2025-09</subfield>
</datafield>
<datafield tag="520" ind1=" " ind2=" ">
<subfield code="a">The growing demand for transportation has made the sector one of the largest sources of air pollution globally, directly impacting environmental quality and human health. To address these challenges, various mitigation strategies are being investigated, particularly those targeting emissions from vehicles using internal combustion engines. Among these, the incorporation of oxygen-rich additives, such as long-chain alcohols and alkoxyethanols, has shown promise in enhancing fuel compatibility and improving combustion behaviour, which can lead to reduced pollutant emissions. Understanding their thermodynamic behaviour, particularly excess molar enthalpy, &#xd;
, is crucial for optimizing fuel formulations, as hydrogen bonding and steric effects influence mixing behaviour, stability, and performance. The presence of hydroxyl (–OH) functional group in each component (alcohol or alkoxyethanol) introduces varying degrees of complexity, depending on molecular structure, steric hindrance, and the ability to form intermolecular networks. In the present work, an isothermal flow calorimeter was employed to measure the &#xd;
 of mixtures involving alcohols and alkoxyethanols at two different temperatures: 298.15 K and 313.15 K, yielding a total of 304 experimental data points. The measured results were correlated using the Redlich–Kister equation (R–K) and modelled with various local composition models, including UNIQUAC, NRTL, and UNIFAC models. The results show that the first two models provided accurate predictions of &#xd;
, effectively capturing the impact of hydrogen bonding and steric hindrance on mixing behavior. Although the UNIFAC model successfully predicted the overall thermodynamic trends of the mixtures, it exhibited systematic deviations, either underestimating or overestimating &#xd;
, due to its limitations in describing specific molecular interactions. The analysis shows that all analysed binary mixtures exhibit endothermic behaviour at different temperatures.</subfield>
</datafield>
<datafield tag="024" ind2=" " ind1="8">
<subfield code="a">1388-6150</subfield>
</datafield>
<datafield tag="024" ind2=" " ind1="8">
<subfield code="a">https://hdl.handle.net/10259/11254</subfield>
</datafield>
<datafield tag="024" ind2=" " ind1="8">
<subfield code="a">10.1007/s10973-025-14678-8</subfield>
</datafield>
<datafield tag="024" ind2=" " ind1="8">
<subfield code="a">1588-2926</subfield>
</datafield>
<datafield ind1=" " ind2=" " tag="653">
<subfield code="a">Oxygenated additives</subfield>
</datafield>
<datafield ind1=" " ind2=" " tag="653">
<subfield code="a">Alkoxyethanols</subfield>
</datafield>
<datafield ind1=" " ind2=" " tag="653">
<subfield code="a">Alcohols</subfield>
</datafield>
<datafield ind1=" " ind2=" " tag="653">
<subfield code="a">Excess molar enthalpy</subfield>
</datafield>
<datafield ind1=" " ind2=" " tag="653">
<subfield code="a">Redlich–Kister correlation</subfield>
</datafield>
<datafield ind1=" " ind2=" " tag="653">
<subfield code="a">Local composition models</subfield>
</datafield>
<datafield tag="245" ind1="0" ind2="0">
<subfield code="a">Thermodynamic study of binary mixtures of alcohols and alkoxyethanols for fuel applications: excess molar enthalpies and local composition models</subfield>
</datafield>
</record></metadata></record></GetRecord></OAI-PMH>